00430nam a2200193Ia 4500003000900000008004100009040001300050040001300063041000800076100002900084245004500113250001100158260001200169260000900181300001100190300001000201490001700211490000800228IT-RoPAU120407s9999 xx 000 0 und d aIT-RoPAU cIT-RoPAU aita aMarcus Aurelius Antonius aRicordi. Trad. di Enrico Turolla. 3a ed. aMilano aRizzoli c1984 a229 p. c18 cm aClassici Bur v119